000 00682nam a2200289Ia 4500
005 20260324122007.0
008 008 260324s9999 xx 000 0 eng d
020 _a9781315607948
037 _aEBOOK
040 _aCRL
040 _beng
040 _cCRL
041 _2eng
041 _aeng
084 _qCRL
100 _aZoran Roca
_91164690
245 0 _aSecond Home Tourism in Europe
245 0 _bLifestyle Issues and Policy Responses
260 _bTaylor and Francis
260 _c2013
365 _a
365 _b240
856 _uhttp://www.taylorfrancis.com/books/9781315607948
942 _cEBOOK
999 _c1757115
_d1757115